| 000 | 00427nam a2200145 a 4500 | ||
|---|---|---|---|
| 001 | 000014127 | ||
| 005 | 20200929163502.0 | ||
| 008 | 091204s1984 xxua 000 0 spa d | ||
| 040 |
_aDO-SdBNP _bspa _cBNPHU |
||
| 082 |
_axxx _bE562t |
||
| 245 | 0 | 0 | _aEncuentro con Tomás Castro. |
| 260 |
_aNueva York : _bAlcance de Nueva York _bColectivo de Escritores Dominicanos, _c[1984]. |
||
| 300 |
_a37 p. : _bil. ; _c21 cm. |
||
| 049 | _aBNPD | ||
| 999 |
_c13729 _d13729 |
||